| Поле | Инд. | ПП | Название | Значение |
|---|---|---|---|---|
| Тип записи | a | |||
| Библиографический уровень | b | |||
| 001 | Контрольный номер | RU/IS/BASE/138123796 | ||
| 005 | Дата корректировки | 20200601191446.2 | ||
| 084 | a | Индекс другой классификации/Индекс ББК | 66.041.33 | |
| a | Индекс другой классификации/Индекс ББК | 66.4(0),304 | ||
| 100 | 1_ | a | Автор | Кудрявцев В. Н. |
| q | Полное имя | Кудрявцев Владимир Николаевич | ||
| 245 | a | Заглавие | Предупреждение терроризма | |
| 504 | a | Библиография | Библиогр.: с. 95 | |
| 650 | a | Основная рубрика | международные отношения | |
| a | Основная рубрика | политика | ||
| a | Основная рубрика | политология | ||
| 653 | a | Ключевые слова | антитерроризм | |
| a | Ключевые слова | антитеррористическая деятельность | ||
| a | Ключевые слова | антитеррористические меры | ||
| a | Ключевые слова | международные проблемы | ||
| a | Ключевые слова | международный терроризм | ||
| a | Ключевые слова | предупреждение терроризма | ||
| a | Ключевые слова | терроризм | ||
| 773 | t | Заглавие источника | Общественные науки и современность | |
| d | Дата издания источника | 2004 | ||
| g | Прочая информация | № 1. - С. 89 - 95 | ||
| w | Контрольный № источника | RU/IS/BASE/129046545 | ||
| 901 | t | Тип документа | b |